Management: la enseñanza de los clásicos. Paradigmas y anécdotas empresariales
Gardado en:
| Autor Principal: | |
|---|---|
| Formato: | Libro |
| Idioma: | Lingua castelá |
| Publicado: |
Barcelona
Ariel S. A
2003
|
| Edición: | 1a. ed |
| Series: | Ariel Empresa, 12
|
| Subjects: | |
| Tags: |
Engadir etiqueta
Sen Etiquetas, Sexa o primeiro en etiquetar este rexistro!
|
MARC
| LEADER | 00000cam a2200000 a 4500 | ||
|---|---|---|---|
| 001 | UCD6885 | ||
| 003 | CL-VaPUC | ||
| 008 | 170303e20030000sp |||||||||||||||||spa|d | ||
| 020 | |a 8434448416 | ||
| 082 | 0 | 4 | |a 658.4 |b FER |2 21 |
| 100 | 0 | |a Fernández Aguado, Javier |e author |9 590750 | |
| 245 | 1 | 0 | |a Management: la enseñanza de los clásicos. Paradigmas y anécdotas empresariales |
| 250 | |a 1a. ed | ||
| 300 | |a 262 p | ||
| 942 | |c BK | ||
| 945 | |d 20170303 17:35:00 |a dcastane | ||
| 260 | |a Barcelona |b Ariel S. A |c 2003 | ||
| 650 | 0 | |a Administración de empresas |9 260833 | |
| 650 | 0 | |a Planificación estratégica |9 259735 | |
| 650 | 0 | |a Liderazgo |9 271835 | |
| 583 | |a last modification |c 20170303 17:35:00 |k Rodrigo Vera | ||
| 490 | 0 | |a Ariel Empresa, 12 | |
| 999 | |c 367062 |d 367060 | ||
| 952 | |0 0 |1 0 |3 erb |4 0 |6 658_400000000000000_FER_2003 |7 0 |8 A |9 481745 |a BIBENE |b BIBENE |i 5328896 |o 658.4 FER 2003 |p 5328896 |r 2025-01-15 |w 2019-11-24 |y BK |z Catalogado en:20170303 |k ICO | ||